Polskie kluby z najlepszą frekwencją na stadionach - Statystyki

Ogólne statystyki
  • Ten quiz został rozwiązany 96 razy
  • Średni wynik to 8 z 10
Statystyki odpowiedzi
Średnia
Frekwencja
Klub % Poprawnych
28 947 Lech Poznań
100%
24 867 Legia Warszawa
100%
18 419 Wisła Kraków
97%
18 825 Śląsk Wrocław
90%
17 792 Pogoń Szczecin
84%
16 825 Widzew Łódź
84%
13 037 Ruch Chorzów
80%
16 464 Jagiellonia
79%
17 129 Górnik Zabrze
76%
13 430 Motor Lublin
56%
Nie znaleziono quizów pasujących do podanych kryteriów
Rozkład punktacji
Procent ludzi z każdym wynikiem
Percentyl według liczby udzielonych odpowiedzi
Twoja historia wyników
Nie rozwiązałeś tego quizu